000 00337nam a2200109Ia 4500
008 240129s9999 xx 000 0 und d
100 _aMATHUR, KULDEEP K
245 2 _aA STUDY OF ANTHROPOLOGICAL ASPECTS IN THE SELECT FICTIONAL WORKS OF AMITAV GHOSH
260 _bMEWAR UNIVERSITY, CHITTORGARH
_c2021
650 _aEnglish
942 _cTHE
999 _c218990
_d218990